000
00267nam a2200109Ia 4500
008
220204s9999 xx 000 0 und d
082
_a
327
_b
SAR
100
_a
Saralpatra
245
0
_a
Indian ocean and great powers
260
_a
New Delhi
_b
Sterling
_c
1979
942
_c
BK
999
_c
32969
_d
32969